Central Library OPAC University of Rajshahi

Community and Association : (Record no. 33241)

MARC details
000 -LEADER
fixed length control field 00956cam a22002651 4500
001 - CONTROL NUMBER
control field 33241
003 - CONTROL NUMBER IDENTIFIER
rucl marc code BD-RjUL
005 - DATE AND TIME OF LATEST TRANSACTION
control field 20211209051954.0
008 - FIXED-LENGTH DATA ELEMENTS--GENERAL INFORMATION
fixed length control field 140430s1955 enk 000 0 eng
035 ## - SYSTEM CONTROL NUMBER
System control number (BD-RjUL)33332
System control number (OCoLC)522953
040 ## - CATALOGING SOURCE
Original cataloging agency DLC
Transcribing agency OAU
Modifying agency Uk
-- CaBViV
-- DLC
-- BD-RjUL
Language of cataloging eng
041 1# - LANGUAGE CODE
Language code of text/sound track or separate title eng
Language code of original ger
082 ## - DEWEY DECIMAL CLASSIFICATION NUMBER
Classification number 301
Author mark and year TOC 1955
Edition number 23
100 1# - MAIN ENTRY--PERSONAL NAME
Personal name Tönnies, Ferdinand,
Dates associated with a name 1855-1936.
9 (RLIN) 100935
245 10 - TITLE STATEMENT
Title Community and Association :
Remainder of title (Gemeinschaft und Gesellschaft) /
Statement of responsibility, etc. by Ferdinand Tönnies ; Translated and supplemented by Charles P. Loomis.
260 ## - PUBLICATION, DISTRIBUTION, ETC. (IMPRINT)
Place of publication, distribution, etc. London :
Name of publisher, distributor, etc. Routledge & Paul,
Date of publication, distribution, etc. c 1955.
300 ## - PHYSICAL DESCRIPTION
Pagination xxxiv, 293 p. ;
Size 23 cm.
490 0# - SERIES STATEMENT
Series statement International library of sociology and social reconstruction
504 ## - BIBLIOGRAPHY, ETC. NOTE
Bibliography, etc Bibliography: p. xxvi-xxvii.
650 #0 - SUBJECT ADDED ENTRY--TOPICAL TERM
Topical term or geographic name as entry element Sociology.
9 (RLIN) 100936
830 ## - SERIES ADDED ENTRY--UNIFORM TITLE
Uniform title International library of sociology and social reconstruction
942 ## - ADDED ENTRY ELEMENTS (KOHA)
Source of classification or shelving scheme Dewey Decimal Classification
Koha item type Books
Holdings
Lost status Source of classification or shelving scheme Damaged status Not for loan Permanent Location Current Location Shelving location Date acquired Source of acquisition Cost, normal purchase price Total Checkouts Full call number Date last seen Copy number Koha item type Collection code
  Dewey Decimal Classification     Central Library, University of Rajshahi Central Library, University of Rajshahi   29/05/1965 EuroBook 22.75   301 TOC 1955 30/04/2014 C-2 Books  
  Dewey Decimal Classification     Central Library, University of Rajshahi Central Library, University of Rajshahi   29/05/1965 Euro-Pak 22.75   301 TOC 1955 30/04/2014 C-3 Books Non-fiction
  Dewey Decimal Classification     Central Library, University of Rajshahi Central Library, University of Rajshahi   25/02/1975 Oxford University Press 60.00   301 TOC 1955 17/05/2014 C-5 Books Non-fiction
  Dewey Decimal Classification     Central Library, University of Rajshahi Central Library, University of Rajshahi   23/06/1965 Euro Park 22.75   301 TOC 1955 24/05/2014 C-4 Books Non-fiction
  Dewey Decimal Classification   Not For Loan Central Library, University of Rajshahi Central Library, University of Rajshahi Reading Room 29/05/1965 Euro publication 22.75   301 TOC 1955 17/07/2016 C-1 Books Non-fiction